Biblioteca y Centro de Documentación

Vista normal Vista MARC

Entrada Nombre corporativo

Número de registros utilizados en: 19

001 - NÚMERO DE CONTROL

  • Campo de control: 5060

003 - IDENTIFICADOR DE NÚMERO DE CONTROL

  • Campo de control: ES-MaCES

005 - FECHA Y HORA DE LA ULTIMA MODIFICACION

  • Campo de control: 20170411124022.0

008 - ELEMENTOS DE DATOS DE LONGITUD FIJA

  • Campo de longitud fija: 981124 | azznnaabn || ana d

035 ## - NÚMERO DE CONTROL DEL SISTEMA

  • Número de control del sistema: CES19980030430e

040 ## - FUENTE DE LA CATALOGACIÓN

  • Agencia original de catalogación: ES-MaCES
  • Idioma de catalogación: spa
  • Agencia de transcripción: ES-MaCES

110 2# - ENCABEZAMIENTO--NOMBRE CORPORATIVO

  • Nombre corporativo o de jurisdicción como elemento de entrada: Tribunal Europeo de Derechos Humanos

410 2# - TRAZADO VEÁSE--NOMBRE CORPORATIVO

  • Nombre corporativo o de jurisdicción como elemento de entrada: Tribunal Europeo de los Derechos del Hombre

410 2# - TRAZADO VEÁSE--NOMBRE CORPORATIVO

  • Nombre corporativo o de jurisdicción como elemento de entrada: TEDH

901 ## - CES. DATOS SIRTEX

  • ID Sirtex (N5N8): 0001800003043
  • 005BIS Sirtex: 199811241425MIG
© CES, Consejo Económico y Social de España 2021